00466nam a2200157Ia 45000010006000000050017000060080041000230410008000640820015000721000042000872450125001292600009002543000029002636500008002926540008003002443120260414151043.0260414t2021||||xx |||||||||||||| ||spa|| aESP a345.7bL89 aLorca Navarrete, Antonio MaríaeAUT 0aEl poder probatorio del juez desde la Corte Suprema de Justicia :banálisis critico del décimo pleno casatorio civil c2021 a718 páginas : c25 cm. aDER aCDE